La constitucionalizacin̤ de la Seguridad Social la experiencia espaǫla e italiana en su 40 y 70 aniversario /

Detalles Bibliográficos
Autor principal: Ortiz Gonzl̀ez Conde, Francisco Miguel
Formato: eBook
Lenguaje:español
Publicado: Albacete: Editorial Bomarzo, 2016
Materias:
Acceso en línea:Acceso restringido

MARC

LEADER 00000nam a22000007a 4500
005 20170902224757.0
007 cr|||| |||
008 170902s2016 es |||||s|||| 00||0 spa d
020 |a 978-84-16608-55-3 
035 |a 20497 
040 |a vLex 
090 |c 6896  |d 6896 
100 1 |a Ortiz Gonzl̀ez Conde, Francisco Miguel 
245 1 2 |a La constitucionalizacin̤ de la Seguridad Social  |h [Recurso electrn̤ico] :  |b la experiencia espaǫla e italiana en su 40 y 70 aniversario /  |c Francisco Miguel Ortiz Gonzl̀ez Conde 
256 |a Servicio en ln̕ea 
260 |a Albacete:  |b Editorial Bomarzo,  |c 2016 
300 |a 1 recurso electrn̤ico 
506 1 |a Disponible solo en los productos indicados  |d vLex Global  |d vLex Global (Academic Edition, excluding Law Schools)  |d vLex Global (U.S. Academic Edition, Law Schools)  |d vLex Global (U.S. Academic Edition, excluding Law Schools)  |d vLex Global (Academic Edition, Law Schools) 
650 0 4 |a Derecho Laboral y Seguridad Social  |z Espaą 
650 0 4 |a Derecho Constitucional  |z Espaą 
740 0 |a vLex Libros (Servicio en ln̕ea) 
856 4 0 |u http://vlex.com/source/constitucionalizacion-de-la-seguridad-social-la-experiencia-espa-ola-e-italiana-en-su-40-y-70-aniversario-20497  |z Acceso restringido 
942 |c BOOK 
999 0 |a Labor Law and Social Security 
999 0 |a Constitutional Law